=LDR 00000nam 2200000 4500 =001 INLIS000000000006699 =005 20130612094816 =008 ***********************************Ind** =035 ##$$0010-061300000006699 =041 ##$$a Ind =082 ##$$a 005.369 =090 ##$$a 005.369, Rah p =100 ##$$a Raharjo, Budi =245 ##$$a Penulisan laporan, skripsi dan tesis menggunakan wordstar profesional, Budi Raharjo =260 ##$$a 1994 $b Yogyakarta =300 ##$$a viii, 145 hlm., 23 cm =650 ##$$a Komputer =850 ##$$a NBPNMAT